Ground-water potentialities in the Crescent Valley, Eureka and Lander Counties, Nevada / (Record no. 29564)

MARC details
000 -LEADER
fixed length control field 01362cam a22003491a 4500
001 - CONTROL NUMBER
control field gs 61000253
003 - CONTROL NUMBER IDENTIFIER
control field DLC
005 - DATE AND TIME OF LATEST TRANSACTION
control field 20260227111410.0
008 - FIXED-LENGTH DATA ELEMENTS--GENERAL INFORMATION
fixed length control field 790920s1961 dcuab b f001 0 eng c
010 ## - LIBRARY OF CONGRESS CONTROL NUMBER
LC control number gs 61000253
035 ## - SYSTEM CONTROL NUMBER
System control number (OCoLC)5393124
040 ## - CATALOGING SOURCE
Original cataloging agency U. S. Geol. Survey. Libr.
Transcribing agency TxLT
Modifying agency TxLT
-- DNAL
-- OCoLC
-- DLC
042 ## - AUTHENTICATION CODE
Authentication code premarc
043 ## - GEOGRAPHIC AREA CODE
Geographic area code n-us-nv
050 00 - LIBRARY OF CONGRESS CALL NUMBER
Classification number TC801
Item number .U2 no. 1581
070 0# - NATIONAL AGRICULTURAL LIBRARY CALL NUMBER
Classification number 407
Item number G29W no.1581
072 #0 - SUBJECT CATEGORY CODE
Subject category code P200
100 1# - MAIN ENTRY--PERSONAL NAME
Personal name Zones, C. P.
245 10 - TITLE STATEMENT
Title Ground-water potentialities in the Crescent Valley, Eureka and Lander Counties, Nevada /
Statement of responsibility, etc. by C.P. Zones ; prepared in cooperation with the State of Nevada, Office of the State Engineer.
260 ## - PUBLICATION, DISTRIBUTION, ETC.
Place of publication, distribution, etc. Washington, D.C. :
Name of publisher, distributor, etc. U.S. G.P.O.,
Date of publication, distribution, etc. 1961.
300 ## - PHYSICAL DESCRIPTION
Extent iv, 50 p. :
Other physical details ill., maps ;
Dimensions 24 cm.
440 #0 - SERIES STATEMENT/ADDED ENTRY--TITLE
Title Geological Survey water-supply paper ;
Volume/sequential designation 1581
500 ## - GENERAL NOTE
General note One folded map in pocket.
500 ## - GENERAL NOTE
General note Includes index.
501 ## - WITH NOTE
With note With : Geology and ground-water resources of Winkler County, Texas. Washington, D.C. : U.S. G.P.O., 1962. Bound together subsequent to publication.
Institution to which field applies DLC
504 ## - BIBLIOGRAPHY, ETC. NOTE
Bibliography, etc. note Bibliography: p. 48.
650 #0 - SUBJECT ADDED ENTRY--TOPICAL TERM
Topical term or geographic name entry element Groundwater
Geographic subdivision Nevada
-- Crescent Valley.
650 #0 - SUBJECT ADDED ENTRY--TOPICAL TERM
Topical term or geographic name entry element Water-supply
Geographic subdivision Nevada
-- Crescent Valley.
650 #0 - SUBJECT ADDED ENTRY--TOPICAL TERM
Topical term or geographic name entry element Borings
Geographic subdivision Nevada
-- Crescent Valley.
650 #0 - SUBJECT ADDED ENTRY--TOPICAL TERM
Topical term or geographic name entry element Water
General subdivision Analysis.
610 10 - SUBJECT ADDED ENTRY--CORPORATE NAME
Corporate name or jurisdiction name as entry element Nevada.
Subordinate unit State Engineer.

No items available.

Powered by Koha